| 000 | 00616nam a2200241Ia 4500 | ||
|---|---|---|---|
| 008 | 160803s9999 xx 000 0 und d | ||
| 020 | _a9780545401050 | ||
| 100 | _aAnthony, Joelle | ||
| 245 | _aRestoring harmony / | ||
| 245 | _cJoƫlle Anthony. | ||
| 260 | _aNew York : | ||
| 260 | _bScholastic Inc. | ||
| 260 | _c2010 | ||
| 300 | _a307 pages ; | ||
| 300 | _c20 cm | ||
| 650 | _aConduct of life -- | ||
| 650 | _aEnvironmental degradation -- | ||
| 650 | _aVoyages and travels -- | ||
| 650 | _xJuvenile fiction. | ||
| 650 | _xJuvenile fiction. | ||
| 650 | _xJuvenile fiction. | ||
| 700 | _a750 | ||
| 999 |
_c299918 _d299918 |
||